The Women's Indian association / (Record no. 42738)

MARC details
000 -LEADER
fixed length control field 00714nam a22002057a 4500
005 - DATE AND TIME OF LATEST TRANSACTION
control field 20100820150516.0
010 ## - LCCN (DPL NO)
LC control number ENG-101118
020 ## - INTERNATIONAL STANDARD BOOK NUMBER
International Standard Book Number 8190674218
Terms of availability 50.00
020 ## - INTERNATIONAL STANDARD BOOK NUMBER
International Standard Book Number 9788190674218
Terms of availability 50.00
035 ## - SYSTEM CONTROL NUMBER
System control number EN-84651
037 ## - SOURCE OF ACQUISITION
Source of stock number/acquisition DBAD/PUB
082 ## - DEWEY DECIMAL CLASSIFICATION NUMBER
Classification number 338.72082095
100 ## - MAIN ENTRY--PERSONAL NAME
Personal name Karunanidhi ,S
245 ## - TITLE STATEMENT
Title The Women's Indian association /
Statement of responsibility, etc by S karunanidhi
260 ## - PUBLICATION, DISTRIBUTION, ETC. (IMPRINT)
Place of publication, distribution, etc Chennai
Name of publisher, distributor, etc Fire Pen Publication
Date of publication, distribution, etc 2008
270 ## - ADDRESS
Address Fire Pen Publication
City Chennai
300 ## - PHYSICAL DESCRIPTION
Extent 60p
Dimensions 18cm (pbk)
942 ## - ADDED ENTRY ELEMENTS (KOHA)
Source of classification or shelving scheme Dewey Decimal Classification
Item type English Books
Classification part 338.72082095
Call number suffix KAR
Holdings
Withdrawn status Lost status Not for loan Collection code Home library Current library Date acquired Source of acquisition Cost, normal purchase price Full call number Barcode Copy number Cost, replacement price Koha item type
    Not For Loan Non-fiction D.B.Act.Division D.B.Act.Division 20/08/2010 DBAD/PUB 50.00 338.72082095 KAR EN-84651 1 50.00 English Books

© Delhi Public Library
Hit Counter
free hit counter